000 00984nam a2200277 a 4500
005 20250523150752.0
008 121017s2000 mx r 000 0 spa d
020 _a9701840992
035 _aUPN01000187622
040 _aMX-MxUPN
_bspa
_cMX-MxUPN
049 _aLTG
050 4 _aLB2003.3 A1.46
_bC8.7 MA
245 0 0 _aCurso nacional de integración educativa :
_bmanual para el asesor
260 _aMéxico :
_bSecretaría de Educación Pública,
_c2000.
300 _a23 páginas
440 0 _aPrograma Nacional de Actualización Permanente
650 4 _aMaestros en servicio, Formación de
_9390
650 4 _aEducación especial
_93029
650 4 _aIntegración escolar
_9306
700 1 _aGarcía Cedillo, Ismael,
_ecoordinación
_932796
700 1 _aEscalante Herrera, Iván Rodolfo
_ecoordinación
_932294
710 1 _aMéxico.
_bSubsecretaría de Educación Básica y Normal
_927954
902 _bMaiella Martínez
905 _aLibro
942 _2lcc
_cFOLL
_n0
999 _c159725
_d159725